| 000 | 00620nam a2200229Ia 4500 | ||
|---|---|---|---|
| 001 | 1948 | ||
| 003 | GE_BSU | ||
| 008 | 181216s||||||||xx |||||||||||||| ||und|| | ||
| 020 | _a5222100243 | ||
| 040 | _cGE_BSU | ||
| 080 | _a347.9(470) | ||
| 100 | _aЯкупов, Р.С. | ||
| 245 | _aВ суде первый раз ваши права | ||
| 245 | _bСерия "Консультирует юрист | ||
| 260 | _aРостов на Дону | ||
| 260 | _bФеникс | ||
| 260 | _c2007 | ||
| 300 | _a192стр. | ||
| 541 | _h7л. | ||
| 653 | _aВ суде первый раз ваши права | ||
| 942 | _cBK | ||
| 999 |
_c36048 _d36048 |
||